| 000 | 01005cab a2200205 4500 | ||
|---|---|---|---|
| 001 | ##L133946 | ||
| 008 | 060622n2006 000 0 eng u | ||
| 035 | _a(Sirsi) u133946 | ||
| 041 | 0 | _aeng | |
| 100 | 1 | _aThompson, Andrew D. | |
| 245 | 0 | 4 | _aThe worth of natural light |
| 260 | _c2006 | ||
| 490 | 0 |
_aJournal of Building Appraisal _v2(1), 44-52(8) |
|
| 520 | _aConsiders the range of solutions available to the courts when calculating the worth of a rights of light injury following the decision in "Midtown Ltd v City of London Real Property Co Ltd" ([2005] EWHC 33 (Ch), L128821), which challenged both the traditional ransom method of negotiation and the legal basis that allowed parties to benefit financially from another's development aspirations. | ||
| 590 | _aIKA040706 | ||
| 650 | 2 | 4 | _aMIDTOWN LTD V CITY OF LONDON REAL PROPERTY CO LTD |
| 651 | 4 |
_aEngland and Wales _y1543- |
|
| 690 | _aPROPERTY-PROPERTY MANAGEMENT-EASEMENTS-RIGHTS TO LIGHT DETERMINATION-RIGHTS TO LIGHT | ||
| 942 | _n0 | ||
| 999 |
_c77275 _d77275 |
||